[Event "Ceske Budejovice op-B"]
[Site "Ceske Budejovice"]
[Date "2023.07.03"]
[Round "3"]
[White "Kral, Ladislav"]
[Black "Cyron, Karel"]
[Result "1/2-1/2"]
[WhiteElo "1376"]
[BlackElo "1672"]
[PlyCount "88"]
[EventDate "2023.07.01"]
[EventType "swiss"]
[EventRounds "9"]
[EventCountry "CZE"]
[SourceTitle "EXT 2024"]
[Source "ChessBase"]
[SourceDate "2023.10.10"]
[SourceVersion "1"]
[SourceVersionDate "2023.10.10"]
[SourceQuality "1"]

1. e4 Nf6 2. Nc3 d5 3. e5 Nfd7 4. d4 c5 5. dxc5 e6 6. Nf3 Bxc5 7. Be2 Nc6 8. Bb5 0-0 9. Bxc6 bxc6 10. 0-0 Qc7 11. Na4 Be7 12. Bf4 Rb8 13. Qd2 c5 14. c3 Bb7 15. b3 Bc6 16. Nb2 Qb7 17. Rfd1 Rfd8 18. Ne1 c4 19. b4 a5 20. a3 axb4 21. axb4 Nc5 22. bxc5 Qxb2 23. Bg5 Qxd2 24. Bxd2 Bxc5 25. Rdb1 f6 26. Nf3 Kf7 27. exf6 gxf6 28. Nd4 Be8 29. Kf1 Bd7 30. f4 e5 31. fxe5 fxe5 32. Nf3 Bd6 33. Re1 Re8 34. Ra7 Rbd8 35. Bg5 Bc5 36. Nxe5+ Rxe5 37. Rxd7+ Rxd7 38. Rxe5 Bf8 39. Re3 Bg7 40. Ke2 d4 41. cxd4 Bxd4 42. Rf3+ Kg6 43. Bc1 h5 44. Bd2 Be5 1/2-1/2

[Event "Ceske Budejovice op-B"]
[Site "Ceske Budejovice"]
[Date "2023.07.02"]
[Round "2"]
[White "Kral, Ladislav"]
[Black "Kavanova, Valentyna"]
[Result "1-0"]
[WhiteElo "1376"]
[BlackElo "1065"]
[PlyCount "121"]
[EventDate "2023.07.01"]
[EventType "swiss"]
[EventRounds "9"]
[EventCountry "CZE"]
[SourceTitle "EXT 2024"]
[Source "ChessBase"]
[SourceDate "2023.10.10"]
[SourceVersion "1"]
[SourceVersionDate "2023.10.10"]
[SourceQuality "1"]

1. e4 c5 2. Nf3 d6 3. d4 cxd4 4. Nxd4 Nf6 5. Nc3 g6 6. Be2 Bg7 7. Be3 0-0 8. 0-0 Nc6 9. f4 Bd7 10. Bf3 Bh6 11. g4 Nxd4 12. Bxd4 Bxf4 13. h4 e5 14. Bf2 Bc6 15. g5 Ne8 16. Nd5 Bxd5 17. Qxd5 Qc8 18. Kg2 Kh8 19. Qd3 f6 20. h5 gxh5 21. Bxh5 fxg5 22. Rh1 Qe6 23. Qe2 Ng7 24. Bg4 Qf6 25. Rh3 Ne6 26. Rah1 Rf7 27. Rh6 Qd8 28. Bxe6 Rg7 29. Qh5 Qc7 30. Bf5 Kg8 31. Rxh7 Rxh7 32. Qxh7+ Qxh7 33. Rxh7 Rf8 34. Rxb7 d5 35. Be6+ Kh8 36. Bxd5 Rc8 37. c4 a5 38. Bb6 Ra8 39. Rh7+ Kxh7 40. Bxa8 Bd2 41. Bc7 Kg6 42. Bxe5 Kh5 43. Bc3 Bf4 44. Bxa5 Bd6 45. Bb6 Kg4 46. c5 Bb8 47. c6 Kh4 48. c7 Bxc7 49. Bxc7 g4 50. Bd8+ Kh5 51. Kg3 Kg6 52. Bd5 Kh5 53. Be7 Kg6 54. Kxg4 Kg7 55. a4 Kg6 56. a5 Kg7 57. a6 Kg6 58. a7 Kg7 59. Kg5 Kh7 60. a8Q Kg7 61. Qg8# 1-0

[Event "Marienske Lazne op 20th"]
[Site "Marianske Lazne"]
[Date "2022.01.15"]
[Round "1"]
[White "Kral, Ladislav"]
[Black "Kastner, Jan"]
[Result "0-1"]
[WhiteElo "1452"]
[BlackElo "2001"]
[PlyCount "86"]
[EventDate "2022.01.15"]
[EventType "swiss"]
[EventRounds "9"]
[EventCountry "CZE"]
[SourceTitle "CBM 206 Extra"]
[Source "ChessBase"]
[SourceDate "2022.03.31"]
[SourceVersion "1"]
[SourceVersionDate "2022.03.31"]
[SourceQuality "1"]

1. e4 c6 2. d4 d5 3. Nc3 dxe4 4. Nxe4 Bf5 5. Ng3 Bg6 6. h4 h6 7. Nf3 Nd7 8. Bd3 Bxd3 9. Qxd3 e6 10. Be3 Ngf6 11. 0-0-0 Bd6 12. Ne4 Nxe4 13. Qxe4 Nf6 14. Qd3 Qc7 15. g3 0-0-0 16. Qe2 Qa5 17. Kb1 Nd5 18. Bd2 Qb6 19. c3 c5 20. Qc4 Kb8 21. Qb3 Qa6 22. Ne5 Bxe5 23. dxe5 Qe2 24. c4 Nb6 25. Be3 Nxc4 26. Rhe1 Rxd1+ 27. Rxd1 Nxe3 28. fxe3 Kc8 29. a3 Qg4 30. Qc2 Qf5 31. e4 Qxe5 32. b4 Rd8 33. Rxd8+ Kxd8 34. bxc5 Qxg3 35. Qa4 Qg1+ 36. Ka2 Qxc5 37. Qd1+ Ke7 38. Qg4 Qe5 39. Qe2 f5 40. Qc4 Qxe4 41. Qc7+ Kf8 42. Qd8+ Kf7 43. Qd7+ Kg8 0-1

[Event "Ceske Budejovice op-B"]
[Site "Ceske Budejovice"]
[Date "2020.07.01"]
[Round "1"]
[White "Kral, Ladislav"]
[Black "Kroulik, Stepan"]
[Result "1-0"]
[WhiteElo "1493"]
[BlackElo "1052"]
[PlyCount "69"]
[EventDate "2020.07.01"]
[EventType "swiss"]
[EventRounds "9"]
[EventCountry "CZE"]
[SourceTitle "CBM 197 Extra"]
[Source "ChessBase"]
[SourceDate "2020.09.30"]
[SourceVersion "1"]
[SourceVersionDate "2020.09.30"]
[SourceQuality "1"]

1. e4 c5 2. Nf3 Nc6 3. d4 cxd4 4. Nxd4 e5 5. Nb5 d6 6. c4 Nf6 7. N1c3 a6 8. Na3 Qb6 9. Nd5 Nxd5 10. exd5 Nd4 11. Nc2 Bf5 12. Nxd4 Qxd4 13. Qxd4 exd4 14. b3 g6 15. Bb2 Bg7 16. Rd1 Bg4 17. f3 Bf5 18. Bd3 0-0 19. Bxf5 Rfe8+ 20. Kf2 gxf5 21. Bxd4 Re7 22. Bxg7 Kxg7 23. Rhe1 Rae8 24. Rxe7 Rxe7 25. Re1 Rxe1 26. Kxe1 Kf6 27. f4 Ke7 28. Ke2 h5 29. Kf3 h4 30. h3 Kd7 31. g3 hxg3 32. Kxg3 Ke8 33. Kh4 f6 34. b4 Kf7 35. c5 1-0

[Event "Marianske Lazne op"]
[Site "Marianske Lazne"]
[Date "2020.01.20"]
[Round "3"]
[White "Budzisz, Adrian"]
[Black "Kral, Ladislav"]
[Result "1-0"]
[WhiteElo "1849"]
[BlackElo "1515"]
[PlyCount "53"]
[EventDate "2020.01.18"]
[EventType "swiss"]
[EventRounds "9"]
[EventCountry "CZE"]
[SourceTitle "EXT 2021"]
[Source "ChessBase"]
[SourceDate "2020.10.23"]
[SourceVersion "1"]
[SourceVersionDate "2020.10.23"]
[SourceQuality "1"]

1. e4 e6 2. d4 d5 3. Bd3 Nf6 4. e5 Nfd7 5. Ne2 c5 6. c3 Nc6 7. 0-0 cxd4 8. cxd4 Nb4 9. Nbc3 Nxd3 10. Qxd3 Be7 11. f4 f5 12. g4 g6 13. Qf3 Qb6 14. b3 Nb8 15. Be3 Na6 16. gxf5 gxf5 17. Qh5+ Kd7 18. Ng3 Qd8 19. Rac1 Qg8 20. Rc2 Qg4 21. Qxg4 fxg4 22. f5 exf5 23. Nxd5 Re8 24. Ne2 Ke6 25. Nf6 Bd7 26. d5+ Kf7 27. e6+ 1-0

[Event "Tabor op"]
[Site "Tabor"]
[Date "2013.08.04"]
[Round "9"]
[White "Kral, Ladislav"]
[Black "Ruta, Vit"]
[Result "1-0"]
[WhiteElo "1654"]
[BlackElo "1250"]
[PlyCount "48"]
[EventDate "2013.07.28"]
[EventType "swiss"]
[EventRounds "9"]
[EventCountry "CZE"]
[SourceTitle "CBM 155 Extra"]
[Source "ChessBase"]
[SourceDate "2013.08.26"]
[SourceVersion "1"]
[SourceVersionDate "2013.08.26"]
[SourceQuality "1"]

1. e4 e5 2. Nc3 Nc6 3. Bc4 Bc5 4. Qg4 d5 5. Qxg7 Qf6 6. Qxf6 Nxf6 7. exd5 Nb4 8. Bb3 Nbxd5 9. Nxd5 Ne4 10. Ne3 f5 11. d3 Bb4+ 12. Ke2 Nd6 13. Nd5 Bc5 14. Nxc7+ Kd7 15. Nxa8 b5 16. Bd5 Re8 17. Be3 Bxe3 18. fxe3 e4 19. dxe4 fxe4 20. Rc1 Ba6 21. b4 Kc8 22. Nh3 Kb8 23. Rhf1 Bb7 24. Bxb7 Kxb7 1-0

[Event "Tabor op"]
[Site "Tabor"]
[Date "2013.07.29"]
[Round "3"]
[White "Kral, Ladislav"]
[Black "Hak, David"]
[Result "1-0"]
[WhiteElo "1654"]
[BlackElo "1250"]
[PlyCount "54"]
[EventDate "2013.07.28"]
[EventType "swiss"]
[EventRounds "9"]
[EventCountry "CZE"]
[SourceTitle "CBM 155 Extra"]
[Source "ChessBase"]
[SourceDate "2013.08.26"]
[SourceVersion "1"]
[SourceVersionDate "2013.08.26"]
[SourceQuality "1"]

1. e4 e5 2. Nc3 Nc6 3. Bc4 Nf6 4. d3 Bc5 5. Nf3 d6 6. a3 Bg4 7. h3 Bh5 8. g4 Bg6 9. Bd2 h5 10. g5 Nd7 11. Rg1 h4 12. b4 Bb6 13. Nh2 f6 14. gxf6 Qxf6 15. Ng4 Qe7 16. Nd5 Qd8 17. c3 Bh5 18. Qe2 Rf8 19. Be3 Nf6 20. Ngxf6+ gxf6 21. Qxh5+ Kd7 22. Rg7+ Kc8 23. Qf5+ Kb8 24. Ke2 Bxe3 25. fxe3 Rg8 26. Rag1 Rxg7 27. Rxg7 a6 1-0

[Event "Tatry op"]
[Site "Tatranske Zruby"]
[Date "2012.09.25"]
[Round "3"]
[White "Dobrowolski, Henryk"]
[Black "Kral, Ladislav"]
[Result "1-0"]
[WhiteElo "1815"]
[BlackElo "1665"]
[PlyCount "117"]
[EventDate "2012.09.23"]
[EventType "swiss"]
[EventRounds "9"]
[EventCountry "SVK"]
[SourceTitle "EXT 2023"]
[Source "ChessBase"]
[SourceDate "2022.10.05"]
[SourceVersion "1"]
[SourceVersionDate "2022.10.05"]
[SourceQuality "1"]

1. d4 d5 2. c4 c6 3. Nc3 e5 4. dxe5 d4 5. Ne4 Qa5+ 6. Bd2 Qxe5 7. Ng3 Nf6 8. Nf3 Qd6 9. a3 b6 10. Qc2 g6 11. Ne4 Qe7 12. Nxf6+ Qxf6 13. Qe4+ Be6 14. Nxd4 Bg7 15. Bc3 Qe5 16. Qxe5 Bxe5 17. e3 Bd7 18. g3 Na6 19. Bg2 Rc8 20. 0-0 Nc5 21. Nb5 Bxc3 22. Nxc3 Ke7 23. Rac1 Rhd8 24. Ne2 Nd3 25. Rc2 Ne5 26. b4 Bf5 27. e4 Be6 28. Rfc1 c5 29. b5 Rd3 30. f4 Nf3+ 31. Bxf3 Rxf3 32. Rc3 Rxc3 33. Rxc3 Rd8 34. Kf2 Bh3 35. Ke3 Rd1 36. Rd3 Rh1 37. Nc3 Be6 38. Nd5+ Bxd5 39. cxd5 Rxh2 40. d6+ Kd7 41. e5 Rb2 42. Ke4 Rxb5 43. g4 Rb1 44. f5 Re1+ 45. Kd5 c4 46. Rh3 Rd1+ 47. Kxc4 Rc1+ 48. Kd4 Rd1+ 49. Ke4 Re1+ 50. Kf4 g5+ 51. Kxg5 Rxe5 52. Rxh7 Kxd6 53. Rxf7 Ra5 54. Rh7 Rxa3 55. f6 Ke6 56. Re7+ Kd6 57. Kg6 Rf3 58. Rxa7 Rf4 59. g5 1-0

[Event "Tabor op"]
[Site "Tabor"]
[Date "2010.08.01"]
[Round "1"]
[White "Kral, Ladislav"]
[Black "Horak, Vladimir"]
[Result "0-1"]
[WhiteElo "1707"]
[BlackElo "2082"]
[PlyCount "32"]
[EventDate "2010.08.01"]
[EventType "swiss"]
[EventRounds "9"]
[EventCountry "CZE"]
[SourceTitle "EXT 2012"]
[Source "ChessBase"]
[SourceDate "2011.11.24"]
[SourceVersion "1"]
[SourceVersionDate "2011.11.24"]
[SourceQuality "1"]

1. e4 e6 2. d4 d5 3. Nd2 dxe4 4. Nxe4 Bd7 5. Nf3 Bc6 6. Ned2 Nd7 7. b3 Ngf6 8. Bd3 Bb4 9. 0-0 0-0 10. Bb2 Nd5 11. Nb1 Nf4 12. a3 Bd6 13. Re1 Qf6 14. Be4 Bxe4 15. Rxe4 Qg6 16. Qf1 Qxe4 0-1

[Event "Cesky Krumlov op 3rd"]
[Site "Cesky Krumlov"]
[Date "2009.11.17"]
[Round "4"]
[White "Diviak, Rudolf"]
[Black "Kral, Ladislav"]
[Result "1-0"]
[WhiteElo "1893"]
[BlackElo "1735"]
[PlyCount "63"]
[EventDate "2009.11.14"]
[EventType "swiss"]
[EventRounds "9"]
[EventCountry "CZE"]
[SourceTitle "EXT 2010"]
[Source "ChessBase"]
[SourceDate "2010.11.25"]
[SourceVersion "1"]
[SourceVersionDate "2010.11.25"]
[SourceQuality "1"]

1. e4 e6 2. d4 d5 3. exd5 exd5 4. Bd3 Bd6 5. Nf3 Nf6 6. Bg5 0-0 7. 0-0 Bg4 8. Nbd2 Nbd7 9. c3 c6 10. Qc2 Qc7 11. Rac1 Bxf3 12. Nxf3 Ng4 13. Bxh7+ Kh8 14. h3 Ndf6 15. Bd3 Rae8 16. Rce1 Nh5 17. Qd1 Ngf6 18. Rxe8 Rxe8 19. Re1 Rxe1+ 20. Qxe1 Bf4 21. Bh4 Bd6 22. Bb1 Qe7 23. Ne5 Nf4 24. Qe3 Ne6 25. Qd3 g5 26. Bg3 Nf8 27. Qf5 Nh5 28. Nxf7+ Kg7 29. Bxd6 Qxf7 30. Qxg5+ Ng6 31. Qxh5 Qe6 32. Be5+ 1-0